000 00499nam a22001697a 4500
005 20231123094202.0
008 231123b |||||||| |||| 00| 0 eng d
020 _a409019100
041 _aEnglish
082 _a347.1 CIL
100 _aCilliers, AC
_lEnglish
245 _aLaw of Costs /
_cAC Cilliers
260 _aDurban :
_bButterworth and Company (Pty) Ltd,
_c1972
300 _blii, 388 pages ;
_c23 cm.
650 _aLegal practice
_bLaw
942 _cBK
_6ALISON_BN_VRIES
999 _c879
_d879